Surveying derelict land (Record no. 88749)

MARC details
000 -LEADER
fixed length control field 01188cam a2200373 4500
008 - FIXED-LENGTH DATA ELEMENTS--GENERAL INFORMATION
fixed length control field 090401t1987 xxu||||| |||| 00| 0 eng d
020 ## - INTERNATIONAL STANDARD BOOK NUMBER
International Standard Book Number 0198545665
035 ## - SYSTEM CONTROL NUMBER
System control number (Sirsi) u25480
041 ## - LANGUAGE CODE
Language code of text/sound track or separate title eng
050 ## - LIBRARY OF CONGRESS CALL NUMBER
Classification number 333.73
-- 18
100 ## - MAIN ENTRY--PERSONAL NAME
Personal name Bridges, E. M.
245 ## - TITLE STATEMENT
Title Surveying derelict land
260 ## - PUBLICATION, DISTRIBUTION, ETC.
Place of publication, distribution, etc. Oxford
Name of publisher, distributor, etc. Clarendon Press
Date of publication, distribution, etc. 1987
300 ## - PHYSICAL DESCRIPTION
Extent viii,137p.
Other physical details ill.
Dimensions 25cm
350 ## - PRICE (NR) (BK AM CF MU VM SE) [OBSOLETE]
Price 40
490 ## - SERIES STATEMENT
Series statement Oxford Science Monographs on Soil and Resources Survey
Volume/sequential designation 13
505 ## - FORMATTED CONTENTS NOTE
Formatted contents note Classification of derelict land
505 ## - FORMATTED CONTENTS NOTE
Formatted contents note Derelict land and patterns of contamination
505 ## - FORMATTED CONTENTS NOTE
Formatted contents note Components of derelict and contaminated land
505 ## - FORMATTED CONTENTS NOTE
Formatted contents note Survey and assessment
505 ## - FORMATTED CONTENTS NOTE
Formatted contents note Design for restoration
505 ## - FORMATTED CONTENTS NOTE
Formatted contents note The legal framework for reclamation of derelict land
505 ## - FORMATTED CONTENTS NOTE
Formatted contents note Case histories
520 ## - SUMMARY, ETC.
Summary, etc. Presents a methodology for the survey and assessment of derelict and contaiminated land.
650 ## - SUBJECT ADDED ENTRY--TOPICAL TERM
Topical term or geographic name entry element DOCKLANDS
650 ## - SUBJECT ADDED ENTRY--TOPICAL TERM
Topical term or geographic name entry element LONDON
650 ## - SUBJECT ADDED ENTRY--TOPICAL TERM
Topical term or geographic name entry element RISING SUN SITE
650 ## - SUBJECT ADDED ENTRY--TOPICAL TERM
Topical term or geographic name entry element SWANSEA
650 ## - SUBJECT ADDED ENTRY--TOPICAL TERM
Topical term or geographic name entry element SWINDON
650 ## - SUBJECT ADDED ENTRY--TOPICAL TERM
Topical term or geographic name entry element THAMESMEAD
690 ## - LOCAL SUBJECT ADDED ENTRY--TOPICAL TERM (OCLC, RLIN)
Topical term or geographic name as entry element PROPERTY-RURAL AND NATURAL ASSETS-LAND-CONTAMINATED LAND
942 ## - ADDED ENTRY ELEMENTS (KOHA)
Suppress in OPAC 0
948 ## - LOCAL PROCESSING INFORMATION (OCLC); SERIES PART DESIGNATOR (RLIN)
c (OCLC) 04/03/1997
Holdings
Withdrawn status Lost status Source of classification or shelving scheme Damaged status Not for loan Home library Current library Shelving location Date acquired Cost, normal purchase price Total Checkouts Full call number Barcode Date last seen Copy number Cost, replacement price Price effective from Koha item type
    Dewey Decimal Classification     London London Books 21/06/1993 34.00   333.73 BRI 30039030 06/08/2019 1 34.00 06/08/2019 Book